000 00434nam a2200193Ia 4500
001 11985
003 GE_BSU
008 181216s||||||||xx |||||||||||||| ||und||
040 _cGE_BSU
080 _a821.111-32
100 _aLea,Timothy
245 _aConfessions from a hotel
260 _aLondon
260 _bSphere Books limited.
260 _c1981.
300 _a158p;18cm.
653 _aConfessions from a hotel
942 _cBK
999 _c45162
_d45162